Normal view
MARC view
- ACI
Entry Personal Name
001 - CONTROL NUMBER
- control field: 88341
003 - CONTROL NUMBER IDENTIFIER
- control field: NUST
005 - DATE AND TIME OF LATEST TRANSACTION
- control field: 20220112160110.0
008 - FIXED-LENGTH DATA ELEMENTS
- fixed length control field: 220112|| aca||aabn | a|a d
040 ## - CATALOGING SOURCE
- Original cataloging agency: NUST
- Transcribing agency: NUST
100 ## - HEADING--PERSONAL NAME
- Personal name: ACI
670 ## - SOURCE DATA FOUND
- Source citation: Work cat.: (NUST): ACI, ACI Detailing Manual 2020 /, American Concrete Institute
